000 02330cam a22002174a 4500
005 20250605163944.0
008 250528s ||||||||||||||||||||||||d
035 _a15155
020 _a007054915X
040 _aGR-AtMCL
_bgre
_dGR-AtMCL
_eAACR2
245 1 _aInternational Business / A Strategic Management Approach
260 _bMcgraw Hill, Inc,
_c1995
300 _a630
505 0 _aPreface, The World of International Business, The Challenge of International Business, The Multinational Enterprise, The Trial and International Business, The Environment of International Business, International Politics and Economic Integration, International Culture, International Trade, International Finance, International Business Strategies, Global Strategy Planning, Organizing Strategy, Production Strategy, Marketing Strategy, Human Resource Management Strategy, Political Risk and Negotiation Startegies, International Financial Management, International Business Strategies in Action, Corporate Strategy and Nation Competitiveness, Doing Business in the European Community, Doing Business in Japan, Doing Business in North America, Doing Business in Non-Trial Nations, International Business Horizons, Future Challenges in International Business, Glossary, Acknowledgements, Indexes.
520 _aPreface, The World of International Business, The Challenge of International Business, The Multinational Enterprise, The Trial and International Business, The Environment of International Business, International Politics and Economic Integration, International Culture, International Trade, International Finance, International Business Strategies, Global Strategy Planning, Organizing Strategy, Production Strategy, Marketing Strategy, Human Resource Management Strategy, Political Risk and Negotiation Startegies, International Financial Management, International Business Strategies in Action, Corporate Strategy and Nation Competitiveness, Doing Business in the European Community, Doing Business in Japan, Doing Business in North America, Doing Business in Non-Trial Nations, International Business Horizons, Future Challenges in International Business, Glossary, Acknowledgements, Indexes.
700 1 _aHodgetts Richard M
_9970
700 1 _aRugman Alan M
_91014
942 _cBK
999 _c749
_d749